Spell the Country of Kyrgyzstan - Statistics

General Stats
  • This quiz has been taken 393 times
  • The average score is 9 of 10
Answer Stats
Capital % Correct
K
100%
y
96%
r
95%
g
93%
y
92%
z
87%
s
86%
a
85%
t
85%
n
84%
No matching quizzes found
Score Distribution
Percent of People with Each Score
Percentile by Number Answered
Your Score History
You have not taken this quiz